PROLOG: Programming for artificial intellingence (Record no. 247)

MARC details
000 -LEADER
fixed length control field 00469nam a22001817a 4500
005 - DATE AND TIME OF LATEST TRANSACTION
control field 20180208122012.0
008 - FIXED-LENGTH DATA ELEMENTS--GENERAL INFORMATION
fixed length control field 160429b xxu||||| |||| 00| 0 eng d
020 ## - INTERNATIONAL STANDARD BOOK NUMBER
ISBN 817-808257-8
041 ## - LANGUAGE CODE
Language code of text/sound track or separate title eng
082 ## - DEWEY DECIMAL CLASSIFICATION NUMBER
Item number 00775
Classification number 006.3
100 ## - MAIN ENTRY--AUTHOR NAME
Personal name Bratko, Ivan
245 ## - TITLE STATEMENT
Title PROLOG: Programming for artificial intellingence
250 ## - EDITION STATEMENT
Edition statement 3RD ED
260 ## - PUBLICATION, DISTRIBUTION, ETC. (IMPRINT)
Place of publication New Delhi
Name of publisher Pearson Education,
Year of publication 2004
300 ## - PHYSICAL DESCRIPTION
Number of Pages 678
650 ## - SUBJECT ADDED ENTRY--TOPICAL TERM
Topical Term Information Technology
942 ## - ADDED ENTRY ELEMENTS (KOHA)
Koha item type Books
Holdings
Lost status Damaged status Collection code Home library Current library Shelving location Date acquired Cost, normal purchase price Full call number Accession Number Koha item type
    CS/IT JRU Library JRU Library SHELF-51-I 29/04/2016 375.00 006.3 00775 Books